000 01367cad a22001935a 4500
001 E147347
008 090501e20080205xxk 000 0 eng d
035 _a(Sirsi) u147347
041 0 _aeng
245 0 0 _aCouncil for Music in Hospitals and Others v Trustees for Richard Gerald Associates
_bopinion
_h[electronic resource]
260 _c2008
520 _aLTS/TC/2006/61 and LTS/TC/2007/01 5 February 2008. Concerned an application to renew a title condition which had been the subject of a notice of termination under the Title Conditions (Scotland) Act 2003 S20 ("Sunset Rule"). The condition is a real burden contained in an Instrument of Sasine of 1838, and prohibited building in the rear garden of a house. The house is now made into flats with four separate owners, with the owner of the basement flat also owning the garden. "Held": applications refused. The applicants failed to satisfy the Tribunal that renewal of the burden is reasonable.
650 2 4 _aCOUNCIL FOR MUSIC IN HOSPITALS AND ORS V TRUSTEES FOR RICHARD GERALD ASSOCIATES
650 2 4 _aTITLE CONDITIONS (SCOTLAND) ACT 2003 S20
651 4 _aScotland
_y1999-
690 _aPlanning and development
_96259
856 4 0 _uhttps://www.lands-tribunal-scotland.org.uk/decisions/LTS.TC.2006.61and2007.01.html
_zView the decision free of charge at www.lands-tribunal-scotland.org.uk...
942 _n0
999 _c81496
_d81496